000 00949nam a22002777a 4500
999 _c12699
_d12699
003 TR-AnCHP
005 20190206135744.0
008 190206b tu ||||| |||| 00| 0 tur d
020 _a9754583560
040 _aTR-AnCHP
_cTR-AnCHP
041 1 _atur
082 0 4 _a525
_bB62y 2002
100 _aBrahic, Andrè
245 0 0 _aYerkürenin en güzel tarihi /
_cAndre Brahic ... [ve öte.] ; çeviren: Saadet Özen.
260 _aİstanbul :
_bTürkiye İş Bankası Kültür Yayınları,
_c2002.
300 _a158 s. ;
_c19 sm.
490 0 _aTürkiye İş Bankası Kültür yayınları ;
_aBilim dizisi ;
_vgenel yayın 599.
_v15.
500 _aÖzgün yapıt adı: La plus belle historie de la terre
650 4 _aYeryüzü
_xTarih
700 _aBrahic, Andrè
_95137
700 _aTapponnier, Paul
_95138
700 1 _aBrown, Lester R.
_91835
700 _aGirardon, Jacques
_95139
700 1 _aÖzen, Saadet,
_d1972-
_eçev
942 _2ddc
_cBKS